[Event "British Columbia op"]
[Site "Richmond"]
[Date "2019.02.18"]
[Round "6.8"]
[White "Taylor, Tristan"]
[Black "Tian, Sherry"]
[Result "1/2-1/2"]
[WhiteElo "1920"]
[BlackElo "2049"]
[PlyCount "97"]
[EventDate "2019.02.16"]
[EventType "tourn"]
[EventRounds "6"]
[EventCountry "CAN"]
[SourceTitle "EXT 2022"]
[Source "ChessBase"]
[SourceDate "2021.10.06"]
[SourceVersion "1"]
[SourceVersionDate "2021.10.06"]
[SourceQuality "1"]

1. Nf3 Nf6 2. c4 c5 3. g3 g6 4. Bg2 Nc6 5. d4 cxd4 6. Nxd4 Bg7 7. Nc3 0-0 8. 0-0 Qb6 9. Nxc6 bxc6 10. Qc2 d6 11. e4 Bb7 12. Be3 c5 13. Rab1 Qa6 14. b3 Nd7 15. h3 Bc6 16. Nd5 Bxd5 17. exd5 Qc8 18. Rbe1 Nf6 19. f4 a5 20. Bd2 Re8 21. f5 a4 22. fxg6 hxg6 23. Bc3 axb3 24. axb3 Rb8 25. g4 Qd8 26. g5 Nd7 27. Bxg7 Kxg7 28. Qc3+ Ne5 29. Be4 Qc7 30. Bc2 Rh8 31. Qg3 Rbe8 32. Qf4 Ref8 33. Qg3 Qc8 34. Kg2 Qc7 35. Re3 Rh7 36. Rf2 Rfh8 37. Rxe5 dxe5 38. Qf3 Rf8 39. Bxg6 Rh4 40. Be4 Rf4 41. Qe3 Rxf2+ 42. Qxf2 Rh8 43. Qf5 Qb8 44. g6 fxg6 45. Qxg6+ Kf8 46. Qf5+ Ke8 47. Qg6+ Kd8 48. Qg7 Re8 49. Bg6 1/2-1/2

[Event "British Columbia op"]
[Site "Richmond"]
[Date "2019.02.17"]
[Round "4.4"]
[White "Sohal, Tanraj"]
[Black "Tian, Sherry"]
[Result "1-0"]
[WhiteElo "2370"]
[BlackElo "2049"]
[PlyCount "99"]
[EventDate "2019.02.16"]
[EventType "tourn"]
[EventRounds "6"]
[EventCountry "CAN"]
[SourceTitle "EXT 2022"]
[Source "ChessBase"]
[SourceDate "2021.10.06"]
[SourceVersion "1"]
[SourceVersionDate "2021.10.06"]
[SourceQuality "1"]

1. d4 d5 2. c4 e6 3. Nc3 Be7 4. Nf3 c6 5. e4 dxe4 6. Nxe4 Nf6 7. Bd3 Nbd7 8. 0-0 Qc7 9. Qe2 0-0 10. Ng3 Re8 11. b3 b6 12. Bb2 Bb7 13. Rad1 Rad8 14. Rfe1 Nf8 15. Bc3 c5 16. dxc5 Qxc5 17. Ne5 Qc7 18. Nh5 Nxh5 19. Qxh5 Bf6 20. Qe2 Ng6 21. Bxg6 hxg6 22. Rc1 Qe7 23. Ng4 Bxc3 24. Rxc3 Rd4 25. Rd3 Rxd3 26. Qxd3 Rd8 27. Qe2 Qd6 28. Ne3 Qa3 29. h3 Kf8 30. Ng4 Qd6 31. Ne3 Qd2 32. Kf1 Be4 33. Kg1 Rd4 34. Qxd2 Rxd2 35. Nf1 Rd4 36. f3 Bc6 37. Kf2 Ke7 38. Ke3 e5 39. Rc1 Kd6 40. Nd2 Kc5 41. a3 Kd6 42. b4 f6 43. Nb3 Rh4 44. c5+ Kd5 45. Rd1+ Kc4 46. Nd2+ Kb5 47. cxb6 axb6 48. Rc1 Bd5 49. Rc7 Rh7 50. Nb1 1-0

[Event "British Columbia op"]
[Site "Richmond"]
[Date "2019.02.17"]
[Round "3.9"]
[White "Tian, Sherry"]
[Black "Zheng, Victor"]
[Result "1-0"]
[WhiteElo "2049"]
[BlackElo "1951"]
[PlyCount "75"]
[EventDate "2019.02.16"]
[EventType "tourn"]
[EventRounds "6"]
[EventCountry "CAN"]
[SourceTitle "EXT 2022"]
[Source "ChessBase"]
[SourceDate "2021.10.06"]
[SourceVersion "1"]
[SourceVersionDate "2021.10.06"]
[SourceQuality "1"]

1. d4 Nf6 2. Nf3 g6 3. Bf4 Bg7 4. e3 0-0 5. Be2 d6 6. h3 Nbd7 7. 0-0 c5 8. c3 a6 9. a4 b6 10. Nbd2 Bb7 11. Qb1 e5 12. Bh2 e4 13. Ne1 Qe7 14. Nc2 d5 15. Rd1 c4 16. b3 cxb3 17. Qxb3 Ne8 18. Nb4 Ndf6 19. c4 dxc4 20. Nxc4 Nd7 21. Bg4 b5 22. Na5 bxa4 23. Rxa4 Nb6 24. Ra2 h5 25. Be2 Qe6 26. Qxe6 fxe6 27. Nxb7 Rf7 28. Nc5 a5 29. Nc6 Nd5 30. Rc1 Rc8 31. Ne5 Ra7 32. Bc4 Nec7 33. Nc6 Raa8 34. Bxc7 Rxc7 35. Bxd5 exd5 36. Ne6 Rcc8 37. Ne7+ Kf7 38. Rxc8 1-0

[Event "Victoria British Columbia-Washington m"]
[Site "Victoria"]
[Date "2019.01.22"]
[Round "5.5"]
[White "Velea, Anne Marie"]
[Black "Tian, Sherry"]
[Result "1/2-1/2"]
[WhiteElo "2047"]
[BlackElo "2066"]
[PlyCount "41"]
[EventDate "2019.01.18"]
[EventType "team"]
[EventRounds "5"]
[EventCountry "CAN"]
[SourceTitle "EXT 2022"]
[Source "ChessBase"]
[SourceDate "2021.10.06"]
[SourceVersion "1"]
[SourceVersionDate "2021.10.06"]
[SourceQuality "1"]
[WhiteTeam "WA"]
[BlackTeam "BC"]
[WhiteTeamCountry "CAN"]
[BlackTeamCountry "CAN"]

1. e4 e6 2. d4 d5 3. Nc3 dxe4 4. Nxe4 Nd7 5. Nf3 Ngf6 6. Nxf6+ Nxf6 7. Bd3 c5 8. 0-0 cxd4 9. Nxd4 a6 10. c3 Be7 11. Bg5 Qa5 12. Bh4 0-0 13. Qe2 Qc7 14. Rfe1 Re8 15. Rad1 Bd7 16. Bb1 Rad8 17. Qd3 g6 18. Qf3 Kg7 19. Bg3 Bd6 20. Bxd6 Qxd6 21. h3 1/2-1/2

[Event "Victoria British Columbia-Washington m"]
[Site "Victoria"]
[Date "2019.01.20"]
[Round "4.7"]
[White "Tian, Sherry"]
[Black "Shubin, Daniel"]
[Result "1/2-1/2"]
[WhiteElo "2066"]
[BlackElo "2012"]
[PlyCount "142"]
[EventDate "2019.01.18"]
[EventType "team"]
[EventRounds "5"]
[EventCountry "CAN"]
[SourceTitle "EXT 2022"]
[Source "ChessBase"]
[SourceDate "2021.10.06"]
[SourceVersion "1"]
[SourceVersionDate "2021.10.06"]
[SourceQuality "1"]
[WhiteTeam "BC"]
[BlackTeam "WA"]
[WhiteTeamCountry "CAN"]
[BlackTeamCountry "CAN"]

1. d4 d5 2. c4 e6 3. Nc3 Nf6 4. cxd5 exd5 5. Bg5 Be7 6. e3 0-0 7. Qc2 c6 8. Bd3 Nbd7 9. Nf3 Re8 10. 0-0 Nf8 11. h3 g6 12. Rab1 Ne6 13. Bxf6 Bxf6 14. b4 b5 15. Ne2 Bb7 16. Nc1 a5 17. a4 bxa4 18. bxa5 Qc7 19. Qxa4 Rxa5 20. Qb4 Ba6 21. Bxa6 Rxa6 22. Nd3 Rea8 23. Rfc1 Ra3 24. Nc5 Nxc5 25. Qxc5 R8a6 26. Qxd5 Ra1 27. Qe4 Rxb1 28. Qxb1 Kg7 29. g3 Qa7 30. Qe4 Qa8 31. Kg2 h6 32. Ne1 Rb6 33. Rc5 Qa1 34. Nd3 Qd1 35. Rc1 Qd2 36. Rf1 Qa2 37. Nc5 Rb2 38. Qxc6 Bg5 39. Qf3 Re2 40. Kg1 Be7 41. Nd3 Rc2 42. Ne5 Bd6 43. Nd3 Qb3 44. Qd1 Qa2 45. Qb1 Qa4 46. Qb7 Qc4 47. Rd1 Qe6 48. Qg2 Qb3 49. Qf1 Qb8 50. Ne1 Ra2 51. Qc4 Qb2 52. Qf1 Bxg3 53. Nd3 Qb8 54. Qg2 Bh4 55. Rf1 Bg5 56. Qd5 Qa7 57. Ne5 Bf6 58. Ng4 Ra5 59. Qe4 Be7 60. Rb1 f5 61. Qe6 fxg4 62. hxg4 Ra1 63. Rxa1 Qxa1+ 64. Kg2 Qa3 65. e4 Qd6 66. Qc4 Bf6 67. e5 Bxe5 68. dxe5 Qxe5 69. Qc6 Qe7 70. Kh3 Kh7 71. Qd5 Qc7 1/2-1/2

[Event "Victoria British Columbia-Washington m"]
[Site "Victoria"]
[Date "2019.01.19"]
[Round "2.7"]
[White "Tian, Sherry"]
[Black "Vijayakumar, Advaith"]
[Result "0-1"]
[WhiteElo "2066"]
[BlackElo "1937"]
[PlyCount "142"]
[EventDate "2019.01.18"]
[EventType "team"]
[EventRounds "5"]
[EventCountry "CAN"]
[SourceTitle "EXT 2022"]
[Source "ChessBase"]
[SourceDate "2021.10.06"]
[SourceVersion "1"]
[SourceVersionDate "2021.10.06"]
[SourceQuality "1"]
[WhiteTeam "BC"]
[BlackTeam "WA"]
[WhiteTeamCountry "CAN"]
[BlackTeamCountry "CAN"]

1. d4 Nf6 2. Nf3 g6 3. Bf4 Bg7 4. e3 0-0 5. Be2 d6 6. h3 Nbd7 7. c3 b6 8. 0-0 Bb7 9. Nbd2 c5 10. Bh2 Rc8 11. a4 a6 12. Qb3 cxd4 13. exd4 Qc7 14. Rfe1 Bd5 15. Qc2 Qb7 16. Qd3 Ra8 17. Bf1 Rfe8 18. Ng5 h6 19. Nge4 Nxe4 20. Nxe4 Nf6 21. Nd2 Bc6 22. Nc4 Qc7 23. Ne3 b5 24. axb5 axb5 25. Nc2 Nd5 26. Be2 Rxa1 27. Rxa1 Rb8 28. Bf3 Qb7 29. Re1 Ra8 30. Bxd5 Bxd5 31. Nb4 Bc4 32. Qe3 Kh7 33. Bf4 Ra7 34. d5 Ra8 35. Qd2 Rd8 36. Qd1 Rc8 37. Re3 Rc5 38. Re1 Bxd5 39. Be3 Bxg2 40. Bxc5 dxc5 41. Nd3 Bxh3 42. Nf4 Bf5 43. Qd8 Qf3 44. Qxe7 Qxf4 45. Re3 Qg5+ 46. Qxg5 hxg5 47. Re7 Kg8 48. Rc7 Bf8 49. Rb7 Bd3 50. Rd7 Bc4 51. Kg2 b4 52. Kf3 bxc3 53. bxc3 Be6 54. Rc7 c4 55. Ra7 Bg7 56. Ra3 Kh7 57. Ke2 g4 58. Kd2 Bh6+ 59. Ke2 Bf4 60. Ra5 Kh6 61. Rc5 Bd6 62. Ra5 Bf5 63. Ke3 Bd3 64. Rd5 Bh2 65. Ra5 f5 66. Ra2 f4+ 67. Kd4 g3 68. fxg3 fxg3 69. Ke3 Bf1 70. Ra8 g2 71. Rh8+ Kg7 0-1

[Event "Victoria British Columbia-Washington m"]
[Site "Victoria"]
[Date "2019.01.18"]
[Round "1.9"]
[White "Abramson, Dan"]
[Black "Tian, Sherry"]
[Result "1/2-1/2"]
[WhiteElo "2151"]
[BlackElo "2066"]
[PlyCount "150"]
[EventDate "2019.01.18"]
[EventType "team"]
[EventRounds "5"]
[EventCountry "CAN"]
[SourceTitle "EXT 2022"]
[Source "ChessBase"]
[SourceDate "2021.10.06"]
[SourceVersion "1"]
[SourceVersionDate "2021.10.06"]
[SourceQuality "1"]
[WhiteTeam "WA"]
[BlackTeam "BC"]
[WhiteTeamCountry "CAN"]
[BlackTeamCountry "CAN"]

1. c4 Nf6 2. Nc3 e6 3. e4 d6 4. d4 Be7 5. Nf3 b6 6. Bd3 Bb7 7. 0-0 d5 8. cxd5 exd5 9. e5 Ne4 10. Qc2 Nxc3 11. bxc3 Bc8 12. Bxh7 Be6 13. Bf5 Qd7 14. Bxe6 Qxe6 15. Ng5 Bxg5 16. Bxg5 Nc6 17. f4 Qg4 18. e6 0-0 19. exf7+ Rxf7 20. Rae1 Na5 21. Qg6 Raf8 22. h3 Qf5 23. Qxf5 Rxf5 24. g4 R5f7 25. f5 Nc4 26. Re6 Nd6 27. Be7 Rc8 28. Bxd6 cxd6 29. Rf3 Rfc7 30. Ree3 Rc4 31. Kg2 Ra4 32. Rf2 Ra3 33. Rc2 b5 34. Kf2 b4 35. Ke2 bxc3 36. g5 Kf7 37. Re6 Rc4 38. Ke3 Ra6 39. h4 Rb6 40. h5 Rb2 41. Kd3 Rxd4+ 42. Kxc3 Rxc2+ 43. Kxd4 Rd2+ 44. Ke3 Rh2 45. g6+ Kf8 46. Rxd6 Rxh5 47. Rxd5 Rh3+ 48. Kf4 Rh1 49. Ra5 Rf1+ 50. Kg3 Rg1+ 51. Kf2 Rb1 52. Rxa7 Rb5 53. Rf7+ Kg8 54. Ke3 Ra5 55. Rb7 Kf8 56. Rf7+ Kg8 57. Kf4 Rxa2 58. Ke5 Re2+ 59. Kd6 Rf2 60. Kd7 Ra2 61. Ke6 Ra6+ 62. Ke5 Ra5+ 63. Kf4 Ra4+ 64. Kg5 Ra8 65. Rb7 Rf8 66. Ra7 Rb8 67. Rd7 Ra8 68. Kf4 Re8 69. Rc7 Kf8 70. Kg5 Ra8 71. Rf7+ Kg8 72. Rc7 Kf8 73. Rd7 Rb8 74. Kf4 Kg8 75. Rc7 Kf8 1/2-1/2

[Event "White Rock Semiahmoo op"]
[Site "White Rock"]
[Date "2018.08.05"]
[Round "3.3"]
[White "Doknjas, Neil"]
[Black "Tian, Sherry"]
[Result "1/2-1/2"]
[WhiteElo "1989"]
[BlackElo "2028"]
[PlyCount "210"]
[EventDate "2018.08.04"]
[EventType "swiss"]
[EventRounds "6"]
[EventCountry "CAN"]
[SourceTitle "EXT 2022"]
[Source "ChessBase"]
[SourceDate "2021.10.06"]
[SourceVersion "1"]
[SourceVersionDate "2021.10.06"]
[SourceQuality "1"]

1. e4 e6 2. d4 d5 3. Nc3 Nf6 4. Bg5 dxe4 5. Nxe4 Nbd7 6. Nf3 h6 7. Nxf6+ Nxf6 8. Bh4 Be7 9. Bd3 c5 10. dxc5 Qa5+ 11. c3 Qxc5 12. Qe2 a6 13. a4 Nd5 14. Bxe7 Qxe7 15. Qe5 0-0 16. g4 Qc7 17. Qxc7 Nxc7 18. g5 hxg5 19. Nxg5 f6 20. Ne4 Bd7 21. a5 Bc6 22. Rg1 Rad8 23. Nc5 Rd5 24. b4 Rfd8 25. 0-0-0 Kf7 26. c4 Rd4 27. b5 axb5 28. cxb5 R4d5 29. Nxe6 Nxe6 30. Bg6+ Ke7 31. bxc6 Rc5+ 32. Kb2 Rxd1 33. Rxd1 Rxc6 34. Be4 Ra6 35. Rd5 b6 36. axb6 Rxb6+ 37. Kc3 Rb8 38. Rd2 Rh8 39. f3 Rh3 40. Re2 Kd6 41. Rd2+ Ke5 42. Re2 Kf4 43. Rg2 Ng5 44. Rg4+ Ke3 45. Rg2 Nxe4+ 46. fxe4 Kxe4+ 47. Kd2 g5 48. Ke1 Kf5 49. Kf1 Rf3+ 50. Kg1 g4 51. Ra2 Kg5 52. Kg2 f5 53. Rb2 Ra3 54. Rb5 Re3 55. Ra5 Kf4 56. Ra4+ Re4 57. Ra2 Rd4 58. Re2 Rd3 59. Kf2 Rf3+ 60. Kg2 Rc3 61. Kf2 Rd3 62. Kg2 Re3 63. Ra2 Ke4 64. Ra4+ Ke5 65. Ra5+ Kf4 66. Ra2 Kg5 67. Ra5 Rf3 68. Ra8 Rb3 69. Ra5 Kf4 70. Ra2 Ke3 71. Ra8 f4 72. Re8+ Kd3 73. Rd8+ Ke2 74. Re8+ Re3 75. Rf8 Re4 76. Ra8 Rd4 77. Re8+ Kd1 78. Rg8 Rd2+ 79. Kf1 f3 80. Rxg4 f2 81. Rf4 Rd3 82. Rxf2 Rh3 83. Kg2 Rh8 84. h3 Ke1 85. Rf4 Ke2 86. Kg3 Ke3 87. Rg4 Rf8 88. h4 Rf3+ 89. Kg2 Rf2+ 90. Kh3 Rf1 91. Ra4 Rf4 92. Ra5 Ke4 93. h5 Rf5 94. Ra4+ Ke5 95. Kg4 Rf8 96. Kg5 Rg8+ 97. Kh6 Kf5 98. Ra5+ Kg4 99. Ra1 Rb8 100. Rg1+ Kh4 101. Rh1+ Kg4 102. Kg7 Rb7+ 103. Kf8 Rb8+ 104. Ke7 Rb7+ 105. Kd8 Rh7 1/2-1/2

[Event "White Rock Semiahmoo op"]
[Site "White Rock"]
[Date "2018.08.04"]
[Round "1.8"]
[White "Ingram, Richard"]
[Black "Tian, Sherry"]
[Result "0-1"]
[WhiteElo "1630"]
[BlackElo "2028"]
[PlyCount "128"]
[EventDate "2018.08.04"]
[EventType "swiss"]
[EventRounds "6"]
[EventCountry "CAN"]
[SourceTitle "EXT 2022"]
[Source "ChessBase"]
[SourceDate "2021.10.06"]
[SourceVersion "1"]
[SourceVersionDate "2021.10.06"]
[SourceQuality "1"]

1. e4 e6 2. d4 d5 3. Nd2 dxe4 4. Nxe4 Nd7 5. Nf3 Ngf6 6. Nxf6+ Nxf6 7. Bg5 Be7 8. Bb5+ Bd7 9. Qe2 0-0 10. 0-0 a6 11. Bxd7 Qxd7 12. Rfd1 Rfd8 13. Rd2 Qa4 14. a3 h6 15. Bf4 c5 16. Rad1 Rac8 17. Bg3 Qc6 18. c3 c4 19. Re1 Qd5 20. Ne5 Bd6 21. Bh4 g5 22. Bg3 Bxe5 23. Bxe5 Nd7 24. Bg3 Qf5 25. h4 Nf6 26. Qe5 Qxe5 27. Rxe5 Rd5 28. Rde2 Rcd8 29. hxg5 hxg5 30. Rxd5 Rxd5 31. Re5 Kg7 32. Kf1 Kg6 33. Ke2 Rxe5+ 34. Bxe5 Nd5 35. g3 g4 36. Kd2 Kf5 37. a4 Ke4 38. a5 Kf3 39. Ke1 b6 40. axb6 Nxb6 41. Bf4 Na4 42. Bc1 f6 43. Kf1 Nb6 44. Bh6 Nd7 45. Ke1 Nb8 46. Be3 Nc6 47. Kd2 a5 48. Ke1 a4 49. Bf4 Na5 50. Bd6 Nb3 51. Bf4 e5 52. dxe5 fxe5 53. Be3 Na5 54. Bb6 Nb7 55. Be3 Nd6 56. Bc5 Ne4 57. Bb6 Nxc3 58. Bc7 e4 59. Bd6 Nd5 60. Bc5 c3 61. bxc3 Nxc3 62. Kd2 Ne2 63. Kc2 Ng1 64. Kc3 Nh3 0-1

[Event "Vancouver Intermat"]
[Site "Vancouver"]
[Date "2018.05.05"]
[Round "1.15"]
[White "Tian, Sherry"]
[Black "Velea, Anne Marie"]
[Result "1/2-1/2"]
[WhiteElo "2028"]
[BlackElo "2009"]
[PlyCount "62"]
[EventDate "2018.05.05"]
[EventType "tourn"]
[EventRounds "2"]
[EventCountry "CAN"]
[SourceTitle "EXT 2022"]
[Source "ChessBase"]
[SourceDate "2021.10.06"]
[SourceVersion "1"]
[SourceVersionDate "2021.10.06"]
[SourceQuality "1"]

1. d4 d5 2. c4 e6 3. Nc3 Nf6 4. Bg5 Be7 5. e3 0-0 6. Bd3 h6 7. Bh4 b6 8. Nf3 Bb7 9. 0-0 Nbd7 10. cxd5 Nxd5 11. Bxe7 Qxe7 12. Rc1 c5 13. Nxd5 Bxd5 14. dxc5 Nxc5 15. Bc4 Rfd8 16. Bxd5 Rxd5 17. Qe2 Rad8 18. Nd4 Qb7 19. b4 Ne4 20. Qc2 Nf6 21. Qb2 Rg5 22. f3 Nd5 23. Qb3 Rc8 24. b5 Ne7 25. Qb4 Rgc5 26. Nb3 Rxc1 27. Rxc1 Rxc1+ 28. Nxc1 Nd5 29. Qb3 Qc7 30. Ne2 Qc5 31. Kf2 e5 1/2-1/2

[Event "British Columbia-ch (Women)"]
[Site "Richmond"]
[Date "2018.01.27"]
[Round "3.2"]
[White "Tian, Sherry"]
[Black "Nyamdorj, Uranchimeg"]
[Result "1-0"]
[WhiteElo "2046"]
[BlackElo "1912"]
[PlyCount "131"]
[EventDate "2018.01.26"]
[EventType "tourn"]
[EventRounds "6"]
[EventCountry "CAN"]
[SourceTitle "EXT 2022"]
[Source "ChessBase"]
[SourceDate "2021.10.06"]
[SourceVersion "1"]
[SourceVersionDate "2021.10.06"]
[SourceQuality "1"]

1. d4 Nf6 2. c4 e6 3. Nf3 d5 4. Nc3 Be7 5. Bg5 Nbd7 6. e3 h6 7. Bh4 a6 8. cxd5 exd5 9. Bd3 c6 10. Qc2 0-0 11. 0-0 Re8 12. Rab1 Ne4 13. Bxe7 Qxe7 14. b4 Ng5 15. Be2 Nxf3+ 16. Bxf3 Nb6 17. Be2 Qg5 18. Qb3 Bh3 19. Bf3 Re6 20. Kh1 Bf5 21. Rbc1 Nc4 22. Rfd1 Rd8 23. a4 Rg6 24. Ne2 Bg4 25. Bxg4 Qxg4 26. Nf4 Rf6 27. Kg1 h5 28. h3 Qf5 29. Qc2 g6 30. Qxf5 Rxf5 31. Nd3 Rf6 32. Nc5 b6 33. Nxa6 Nb2 34. Rd2 Nxa4 35. Ra2 b5 36. Nc5 Nb6 37. Ra6 Nc4 38. Rca1 Kg7 39. Ra7 Rc8 40. R1a6 g5 41. g3 Nb2 42. Ra2 Nc4 43. Kg2 h4 44. g4 Rd6 45. Rb7 Rf6 46. Raa7 Nb2 47. Ra2 Nc4 48. Nd3 Nd6 49. Rd7 Nc4 50. Raa7 Re8 51. Re7 Rxe7 52. Rxe7 Re6 53. Rc7 Kf8 54. Nc5 Rg6 55. Nd7+ Ke8 56. Nb8 Nb2 57. Rxc6 Rxc6 58. Nxc6 Nd3 59. Kf1 Kd7 60. Ne5+ Nxe5 61. dxe5 Ke6 62. f4 gxf4 63. exf4 d4 64. Ke2 f6 65. exf6 Kxf6 66. Kd3 1-0

[Event "British Columbia-ch (Women)"]
[Site "Richmond"]
[Date "2018.01.27"]
[Round "2.2"]
[White "Van, Anna"]
[Black "Tian, Sherry"]
[Result "0-1"]
[WhiteElo "1648"]
[BlackElo "2046"]
[PlyCount "96"]
[EventDate "2018.01.26"]
[EventType "tourn"]
[EventRounds "6"]
[EventCountry "CAN"]
[SourceTitle "EXT 2022"]
[Source "ChessBase"]
[SourceDate "2021.10.06"]
[SourceVersion "1"]
[SourceVersionDate "2021.10.06"]
[SourceQuality "1"]

1. e4 e6 2. d4 d5 3. Nd2 Nf6 4. e5 Nfd7 5. Bd3 c5 6. c3 Nc6 7. Ngf3 Qb6 8. 0-0 Be7 9. Qe2 cxd4 10. cxd4 Nxd4 11. Nxd4 Qxd4 12. Nf3 Qb6 13. Be3 Bc5 14. Bxc5 Nxc5 15. Bb5+ Bd7 16. Nd4 a6 17. Bxd7+ Nxd7 18. Nf3 Rc8 19. Rac1 0-0 20. Rc2 Rc7 21. Qd3 h6 22. Rfc1 Rfc8 23. Qe2 Rxc2 24. Rxc2 Rc5 25. a3 Qb3 26. Rxc5 Nxc5 27. Ne1 b5 28. f4 Qc4 29. Qxc4 bxc4 30. Kf2 Na4 31. Ke3 Nxb2 32. Kd4 Kf8 33. Kc3 Nd3 34. Nxd3 cxd3 35. Kxd3 Ke7 36. Kd4 Kd7 37. Kc5 Kc7 38. a4 Kd7 39. a5 Kc7 40. g4 g6 41. h4 h5 42. g5 Kd7 43. Kb6 d4 44. Kxa6 Kc7 45. Ka7 d3 46. a6 d2 47. Ka8 d1Q 48. a7 Qd8# 0-1

[Event "British Columbia-ch U20"]
[Site "Richmond"]
[Date "2016.11.13"]
[Round "4.6"]
[White "Tian, Sherry"]
[Black "Chung, Alec"]
[Result "1/2-1/2"]
[WhiteElo "1494"]
[BlackElo "1702"]
[PlyCount "47"]
[EventDate "2016.11.11"]
[EventType "swiss"]
[EventRounds "5"]
[EventCountry "CAN"]
[SourceTitle "EXT 2022"]
[Source "ChessBase"]
[SourceDate "2021.10.06"]
[SourceVersion "1"]
[SourceVersionDate "2021.10.06"]
[SourceQuality "1"]

1. d4 Nf6 2. Nf3 g6 3. c4 Bg7 4. Nc3 d5 5. cxd5 Nxd5 6. e4 Nxc3 7. bxc3 c5 8. Be3 0-0 9. Be2 Nc6 10. 0-0 Qa5 11. Qb3 Bg4 12. Rfd1 Rad8 13. e5 Qb6 14. Qxb6 axb6 15. Rab1 Rd7 16. Rxb6 Rfd8 17. h3 cxd4 18. cxd4 Bxf3 19. Bxf3 Nxd4 20. Rxd4 Rxd4 21. Bxd4 Rxd4 22. Rxb7 Bxe5 23. Rxe7 Bd6 24. Re1 1/2-1/2

[Event "British Columbia-ch (Women)"]
[Site "Vancouver"]
[Date "2016.10.09"]
[Round "4.3"]
[White "Tian, Sherry"]
[Black "Van, Anna"]
[Result "0-1"]
[WhiteElo "1520"]
[BlackElo "1178"]
[PlyCount "104"]
[EventDate "2016.10.07"]
[EventType "tourn"]
[EventRounds "5"]
[EventCountry "CAN"]
[SourceTitle "EXT 2022"]
[Source "ChessBase"]
[SourceDate "2021.10.06"]
[SourceVersion "1"]
[SourceVersionDate "2021.10.06"]
[SourceQuality "1"]

1. d4 d5 2. Nf3 Nf6 3. e3 Bg4 4. Be2 Nbd7 5. 0-0 e6 6. c4 c6 7. Nc3 Bd6 8. b3 0-0 9. Bb2 a6 10. Rc1 b5 11. cxd5 cxd5 12. h3 Bh5 13. Qd2 Qe7 14. Rfd1 b4 15. Na4 a5 16. Ne5 Bxe5 17. dxe5 Ne4 18. Qe1 Bxe2 19. Qxe2 Qg5 20. f4 Qg3 21. Rc7 Rfd8 22. Rdc1 f6 23. Qf3 fxe5 24. Qxg3 Nxg3 25. fxe5 Ne2+ 26. Kf2 Nxc1 27. Rxc1 Rac8 28. Rd1 Rf8+ 29. Kg3 Nc5 30. Nb6 Ne4+ 31. Kh2 Rc2 32. Na4 Rff2 33. Rg1 Nd2 34. Kg3 Nf1+ 35. Kh4 Nxe3 36. g4 Rf4 37. Kg3 g5 38. Bc1 Nf1+ 39. Rxf1 Rxf1 40. Bxg5 Rxa2 41. Nc5 Kf7 42. Be3 Rc2 43. Na4 Rd1 44. Kf3 d4 45. Bf4 d3 46. Ke3 Re2+ 47. Kd4 d2 48. Kd3 Rg2 49. Nb6 Rb1 50. Bxd2 Rxd2+ 51. Kxd2 Rxb3 52. h4 Rh3 0-1

[Event "CAN-ch U12 Girls"]
[Site "Windsor"]
[Date "2016.07.08"]
[Round "6.73"]
[White "Tian, Sherry"]
[Black "Yang, Elena"]
[Result "0-1"]
[WhiteElo "1387"]
[BlackElo "1159"]
[PlyCount "129"]
[EventDate "2016.07.05"]
[EventType "swiss"]
[EventRounds "7"]
[EventCountry "CAN"]
[SourceTitle "EXT 2022"]
[Source "ChessBase"]
[SourceDate "2021.10.06"]
[SourceVersion "1"]
[SourceVersionDate "2021.10.06"]
[SourceQuality "1"]

1. d4 d5 2. Nf3 Nf6 3. b3 e6 4. Bb2 Be7 5. e3 b6 6. Bd3 0-0 7. 0-0 Nbd7 8. Qe2 c5 9. Ba6 Qc7 10. Bxc8 Raxc8 11. Rc1 Qb8 12. c4 Ne4 13. Nc3 Ndf6 14. cxd5 Nxc3 15. Rxc3 Nxd5 16. Rc2 Bd6 17. h3 h6 18. a3 Rfd8 19. Rac1 Ne7 20. dxc5 Rxc5 21. Rxc5 Bxc5 22. b4 Bd6 23. Nd4 Rc8 24. Qd2 Rxc1+ 25. Qxc1 Qc7 26. Qxc7 Bxc7 27. Nb5 Bb8 28. Kf1 g6 29. Ke2 Nd5 30. Kd3 Nc7 31. Be5 Nxb5 32. Bxb8 a6 33. a4 Na3 34. Bc7 b5 35. a5 Nc4 36. Kd4 Kf8 37. Kc5 Ke8 38. Kc6 f6 39. Kb7 Kd7 40. Bg3 Nxa5+ 41. Kxa6 Nc4 42. Kxb5 Nd2 43. Ka6 Nf1 44. b5 Nxg3 45. fxg3 Kc7 46. Ka7 Kd6 47. b6 Kd5 48. b7 Ke4 49. b8Q Kxe3 50. Qf4+ Kd3 51. Qf2 f5 52. Kb6 g5 53. Kc5 e5 54. Qf3+ Kd2 55. Kc4 e4 56. Qc3+ Ke2 57. Kd4 Kf2 58. g4 fxg4 59. hxg4 Kxg2 60. Kxe4 h5 61. Qf3+ Kh2 62. Ke3 h4 63. Kf2 h3 64. Qg3+ Kh1 65. Qg1# 0-1

[Event "CAN-ch U10 Girls"]
[Site "Windsor"]
[Date "2015.07.08"]
[Round "4.114"]
[White "Van, Anna"]
[Black "Tian, Sherry"]
[Result "1/2-1/2"]
[WhiteElo "754"]
[BlackElo "755"]
[PlyCount "126"]
[EventDate "2015.07.06"]
[EventType "swiss"]
[EventRounds "7"]
[EventCountry "CAN"]
[SourceTitle "EXT 2022"]
[Source "ChessBase"]
[SourceDate "2021.10.06"]
[SourceVersion "1"]
[SourceVersionDate "2021.10.06"]
[SourceQuality "1"]

1. e4 e6 2. d4 d5 3. e5 c5 4. c3 Nc6 5. Nf3 Bd7 6. Be2 Qc7 7. a3 f6 8. Bf4 0-0-0 9. b4 cxd4 10. cxd4 g5 11. Bg3 Qb6 12. exf6 Nxf6 13. Nxg5 Qxd4 14. Qxd4 Nxd4 15. Bd3 Rg8 16. Nf7 Re8 17. 0-0 Ne4 18. Bxe4 dxe4 19. Be5 Nf5 20. Nd2 Bc6 21. Rac1 e3 22. Nf3 Kd7 23. b5 Ke7 24. bxc6 Kxf7 25. cxb7 Bd6 26. Bxd6 Nxd6 27. fxe3 Re7 28. Ne5+ Kg7 29. Rf3 Rxb7 30. Rg3+ Kh8 31. Rxg8+ Kxg8 32. Rc6 Rb1+ 33. Kf2 Ne4+ 34. Kf3 Ng5+ 35. Kf4 h6 36. h4 Nf7 37. Nxf7 Kxf7 38. Rc7+ Kf6 39. Rxa7 Rf1+ 40. Ke4 Rh1 41. g3 Ra1 42. a4 Ra3 43. Kd4 Kf5 44. e4+ Kf6 45. g4 Rh3 46. g5+ hxg5 47. hxg5+ Kxg5 48. Ke5 Ra3 49. Kxe6 Kf4 50. a5 Kxe4 51. a6 Rh3 52. Rf7 Ra3 53. Ra7 Rh3 54. Kd6 Kd4 55. Kc6 Kc4 56. Kb6 Rh6+ 57. Ka5 Rh5+ 58. Ka4 Kc5 59. Rc7+ Kb6 60. a7 Rh8 61. Rg7 Ra8 62. Kb4 Rxa7 63. Rxa7 Kxa7 1/2-1/2

[Event "CAN-ch U10 Girls"]
[Site "Windsor"]
[Date "2015.07.07"]
[Round "3.116"]
[White "Tian, Sherry"]
[Black "Shi, Jiayi"]
[Result "1-0"]
[WhiteElo "755"]
[BlackElo "277"]
[PlyCount "131"]
[EventDate "2015.07.06"]
[EventType "swiss"]
[EventRounds "7"]
[EventCountry "CAN"]
[SourceTitle "EXT 2022"]
[Source "ChessBase"]
[SourceDate "2021.10.06"]
[SourceVersion "1"]
[SourceVersionDate "2021.10.06"]
[SourceQuality "1"]

1. e4 e5 2. f4 d6 3. Nf3 Nc6 4. Bc4 Be6 5. Bxe6 fxe6 6. fxe5 dxe5 7. b3 Nf6 8. d3 Bc5 9. Bb2 Bd6 10. Nc3 Qd7 11. Qd2 0-0-0 12. 0-0-0 Bc5 13. Kb1 Ng4 14. Rhe1 Rhf8 15. h3 Nf6 16. Rf1 Qd6 17. Nb5 Qe7 18. Nxe5 Nxe5 19. Bxe5 Ne8 20. Rxf8 Qxf8 21. d4 Bb4 22. c3 Bd6 23. Bxd6 Nxd6 24. Qd3 Nxb5 25. Qxb5 a6 26. Qc4 e5 27. Qe6+ Kb8 28. Qxe5 Re8 29. Qf5 Qxf5 30. exf5 Re2 31. g4 Rh2 32. Rd3 Rh1+ 33. Kb2 Rh2+ 34. Ka3 c6 35. c4 Kc7 36. d5 cxd5 37. cxd5 Kd6 38. b4 Re2 39. Kb3 Re5 40. Kc3 Rxd5 41. Re3 b5 42. Re6+ Kd7 43. Rxa6 Re5 44. Kd4 Re7 45. Ra7+ Ke8 46. Rxe7+ Kxe7 47. Kc5 Kf6 48. Kxb5 Kg5 49. a4 Kh4 50. a5 Kxh3 51. a6 Kxg4 52. a7 h5 53. a8Q h4 54. Qh1 h3 55. Kc5 Kxf5 56. Qxh3+ Ke4 57. Qg4+ Ke5 58. Qxg7+ Ke4 59. b5 Ke3 60. b6 Ke4 61. b7 Ke3 62. b8Q Ke4 63. Qbe5+ Kd3 64. Qd4+ Ke2 65. Qgg1 Kf3 66. Qgg4# 1-0